LEADER 04861nam 2200817 450 001 9910807613503321 005 20191015111955.0 010 $a1-350-98759-X 010 $a1-83860-898-2 010 $a1-83860-899-0 024 7 $a10.5040/9781350987593 035 $a(CKB)4100000008524986 035 $a(MiAaPQ)EBC5798166 035 $a(MiAaPQ)EBC6161298 035 $a(CaBNVSL)mat50987593 035 $a(OCoLC)1139315260 035 $a(CaBNVSL)9781350987593 035 $a(EXLCZ)994100000008524986 100 $a20191015e20192018 uy 0 101 0 $aeng 135 $aurcnu|||||||| 181 $ctxt$2rdacontent 182 $cc$2rdamedia 183 $acr$2rdacarrier 200 10$aPositive images $egay men & HIV/AIDS in the culture of 'post crisis' /$fDion Kagan 205 $aFirst edition. 210 1$aLondon, England :$cI.B. Tauris & Co. Ltd,$d2018. 210 2$aLondon, England :$cBloomsbury Publishing,$d2019. 215 $a1 online resource (316 pages) 225 1 $aLibrary of gender and popular culture ;$v14 311 $a1-78453-419-6 320 $aIncludes bibliographical references (pages 267-283), filmography (pages 284-286), and index. 327 $aBelated Diagnosis -- Crisis/Post-Crisis -- 'Post-Crisis -- Chapter Outline -- Crisis Discourse -- After Antiretrovirals -- Gay Redemption: Domestication and Disavowal in The Gay 90s -- 'The Big A' -- The Gay 90s Revisited -- Abjection and AIDS -- The Next Best Thing -- Watering, Working and Not Wearing Much -- Look What Happened to Me -- Abject Lessons -- Positive Men Are from Mars, Negative Men Are from Venus: Sero-Melodrama in Queer As Folk -- 'Sero-melodrama' -- How Queer is Queer as Folk? -- Perfect, Except for One Thing -- Positive Men Are from Mars, Negative Men Are from Venus -- Melodrama, Narrative Complexity and Post-Crisis Ambivalence -- Crisis Re-Runs: Barebacking, Chemsex and Post-Crisis Sex Panic -- Chemsex -- De?ja? vu -- What is Barebacking? -- The Neal Hearings -- 'HIV Man' -- 'Re-Crisis' -- Neoliberal Biopolitics and the Logic of Epidemic -- Ambivalent Afterlives -- AIDS Heritage in the Line of Beauty -- Queer High Pop Heritage -- The Heritage Debates -- Heritage Ga(y)ze -- Homeless Love -- Belonging -- Eviction -- AIDS Heritage and Post-Crisis -- AIDS Retrovisions: Dallas Buyers Club and the Normal Heart -- Turning Away -- Turning Back -- Updating Sentimental Melodrama in Dallas Buyers Club -- After the Orgy: The Normal Heart as Teleological AIDS History -- Backward/Forward. 330 $aA tidal wave of panic surrounded homosexuality and AIDS in the 1980s and early 90s. With the advent of antiretroviral drugs, however, the meaning of an HIV diagnosis changed radically. These transformative drugs enable people living with HIV to lead a healthy, regular life. But how has this shift impacted the representation of gay men and HIV in popular culture? Positive Images is the first detailed examination of how the relationship between gay men and HIV has transformed in the past two decades. From Queer as Folk to Chemsex, Dion Kagan examines literature and visual culture across the English-speaking world to unearth the socio-cultural foundations underpinning the 'post-crisis' period. His analyses provide acute insights into the fraught legacies of the AIDS crisis and its continued presence in the modern queer consciousness--back cover. 410 0$aLibrary of gender and popular culture ;$v14. 517 3 $aGay men & HIV/AIDS in the culture of 'post crisis' 606 $aAIDS (Disease) in mass media 606 $aAIDS (Disease)$xSocial aspects 606 $aGay men in mass media 606 $aGays in popular culture 606 $aHIV (Viruses)$xSocial aspects 606 $aHIV infections$xSocial aspects 606 $2HIV / AIDS: social aspects 606 $aHomosexuality, Male$xpsychology 606 $aAcquired Immunodeficiency Syndrome$xpsychology 606 $aAttitude to Health 606 $aMass Media 606 $aPopular Culture 606 $aSocial Identification 615 0$aAIDS (Disease) in mass media. 615 0$aAIDS (Disease)$xSocial aspects. 615 0$aGay men in mass media. 615 0$aGays in popular culture. 615 0$aHIV (Viruses)$xSocial aspects. 615 0$aHIV infections$xSocial aspects. 615 12$aHomosexuality, Male$xpsychology. 615 22$aAcquired Immunodeficiency Syndrome$xpsychology. 615 22$aAttitude to Health. 615 22$aMass Media. 615 22$aPopular Culture. 615 22$aSocial Identification. 676 $a362.19697/9200811 700 $aKagan$b Dion$01593829 712 02$aBloomsbury (Firm), 801 0$bNLM 801 1$bCaBNVSL 801 2$bCaBNVSL 906 $aBOOK 912 $a9910807613503321 996 $aPositive images$93914139 997 $aUNINA LEADER 02641oam 2200637 c 450 001 9910563037903321 005 20240525094506.0 024 7 $a10.3726/b12217 035 $a(CKB)4340000000238674 035 $a(oapen)https://directory.doabooks.org/handle/20.500.12854/29293 035 $a(PH02)9783954793136 035 $a(EXLCZ)994340000000238674 100 $a20240525h20121976 uy 0 101 0 $ager 135 $aurnnunnnannuu 181 $ctxt$2rdacontent 182 $cc$2rdamedia 183 $acr$2rdacarrier 200 10$aLinguistische Analyse der Ortsnamen der ehemaligen Komitate Ba?cs und Bodrog$eVon der ungarischen Landnahme (896) bis zur Schlacht von Moha?cs (1526)$fBernd Eschenburg 205 $a1st, New ed. 210 $aFrankfurt a.M$cPH02$d2012 210 $d2012, c1976 215 $a1 online resource (156 p.)$c, EPDF 225 0 $aSlavistische Beitra?ge$v97 300 $aPeter Lang GmbH, Internationaler Verlag der Wissenschaften 311 $a3-95479-313-X 327 $aEinleitung - Slavische Ortsnamen - Ungarische Ortsnamen - Kulturgeschichte 330 $aDas Hauptteil der Arbeit ist die Ermittlung der Ortsnamen slavischer Herkunft. Hierunter sind die slavischen Benennungen sowie die altungarischen Benennungen mittels slavischer Entlehnungen zu verstehen. Es sollen folgende Fragen beantwortet werden: a) In welchen Gebieten treten slavische Benennungen konzentriert auf? b) Welchen Slavinen lassen sich die ermittelten ON slavischer Herkunft zuordnen? Ohne die Kenntnis der Besonderheiten ungarischer Ortsnamengebung bleiben die mit slavischen Entlehnungen gebildeten altungarischen ON von Ba?cs-Bodrog unversta?ndlich. Daher werden auch die Charakteristika der ungarischen Ortsnamengebung beschrieben. 517 $aLinguistische Analyse der Ortsnamen der ehemaligen Komitate Bács und Bodrog 606 $alinguistics$2bicssc 610 $a1526 610 $aAnalyse 610 $aBács 610 $aBodrog 610 $aehemaligen 610 $aEschenburg 610 $aKomitate 610 $aKroatien 610 $aLandnahme 610 $aLinguistische 610 $aMazedonien 610 $aMohács 610 $aOrtsnamen 610 $aSchlacht 610 $aSerbien 610 $aSlowenien 610 $aSprachwissenschaft 610 $aungarischen 615 7$alinguistics 700 $aEschenburg$b Bernd$4aut$01311929 801 0$bPH02 801 1$bPH02 906 $aBOOK 912 $a9910563037903321 996 $aLinguistische Analyse der Ortsnamen der ehemaligen Komitate Bács und Bodrog$93030572 997 $aUNINA